Регионална библиотека "Любен Каравелов" - Русе

Мои познайници (Запис номер 343031)

MARC детайли
000 -Лидер
Контролно поле с фиксирана дължина 01577nam a2200337 c 4500
003 - Код на организацията, давaща контролен номер
Контролно поле BLK
005 - Дата и час на последна редакция
Контролно поле 20240316005344.0
008 - Елементи от данни с фиксирана дължина
fixed length control field 180911b bul|||||r ||||||| ||bul||
010 ## - Наследен системен номер
LC control number 002692
040 ## - Източник на каталожния запис
Идентификатор на билиотеката - собственик на записа BLK
041 ## - Код за език
Код за езика на текст/звукозапис или на отделно заглавие Български
Код за езика КДБФ Български
080 ## - УДК
Текстов определител УДК Сборник
УДК определител 92
УДК - код + определител 886.7(092)92
100 1# - Редна дума - Автор
Автор ЦАНКОВ-ДЕРИЖАН, Христо
Авторска отговорност първи автор
R(LIN) 398597
245 00 - Сведения за заглавието
Заглавие Мои познайници
246 ## - Различни форми на заглавието
Паралелно заглавие Хр. Ботйов, Ив. Вазов, Ст. Михайловски, П. Славейков, К. Христов, П. Тодоров, П. К. Яворов, Ц. Церковски, А. Карима, д. Бояджиев, Вен Тин, Д. Бабев, Дора Г., Л. Стоянов, М. Неволин, Н. В. Ракитин
260 ## - Област на издателските данни
Място на издаване, разпространение и проч. София
Име на издателя, разпространителя и проч. Сърп
Година на издаване 1920
Печатница Победа
300 ## - Физическа характеристика
Страници 240 с
Илюстрации и др. с ил.
Размери/Мащаб 18 см
380 ## - Жанр
Жанр Литературознание
490 ## - СЕРИИ (Колекции)
Име на серия Частна колекция - Академик Михаил Арнаудов
Бележки за серията Дарение - Основен фонд
500 ## - Общи забележки
Забележка Автограф с текст: На любезния д-р Мих. Арнаудов. Авторът. 12. II 920 г.
650 #4 - Допълнително описание по предмет – тема
Основно описание – тема или топоним български биографии
9 (RLIN) 398598
650 #0 - Допълнително описание по предмет – тема
Основно описание – тема или топоним Сборници
9 (RLIN) 396392
650 ## - Допълнително описание по предмет – тема
Основно описание – тема или топоним Критика
9 (RLIN) 159735
655 ## - Ключова дума – жанр/разновидност
Данни за жанр/разновидност или ключова дума за фокус българско литературознание
700 1# - Други автори (авторска отговорност)
Лично име Хараламби К. Тачев
Автороска отговорност (Описва отношението между автора и произведението) Худож.
9 (RLIN) 398599
852 ## - Местоположение
Форматна сигнатура МА 1921
Фондова буква Фонд "Михаил Арнаудов"
999 ## - СИСТЕМНИ КОНТРОЛНИ НОМЕРА
Koha biblionumber 343031
Koha biblioitemnumber 343031
942 ## - АРТИКУЛИ
Вид на библиотечния материал Книги
Скрит в OPAC Не
Периодичен библиозапис Да
944 ## - СЪЗДАВАНЕ И РЕДАКЦИЯ на ЗАПИСА
Създаване/Редакция Създаване
Дата на регистрацията/редакция 1996
Служител, извършил регистрацията/редакцията
Статус, дата на статуса CRON CRON
999 ## - СИСТЕМНИ КОНТРОЛНИ НОМЕРА
Koha biblioitemnumber 343031
999 ## - СИСТЕМНИ КОНТРОЛНИ НОМЕРА
Koha biblioitemnumber 343031
Наличности
Код за отписване Код за изгубен артикул Източник на класификационната схема Код за повреда Коз за рестрикции Код за отдаване Артикулен № Име на библиотеката - собственик Име на библиотеката, в която се намира в момента Статус (Текущо местоположение) Местоположение - отдел Цена в лева Номерация (Хронология) Инвентарен номер Систематично азбучна сигнатура Баркод Номер на екземпляра Цена в евро Служебен тип на артикула
  Не е изгубен Universal Decimal Classification Не е повреден без рестрикции Специални фондове ( старопечатни, редки и ценни, фонд М. Арнаудов) 743172 Регионална библиотека "Любен Каравелов" Русе Регионална библиотека "Любен Каравелов" Русе Фонд "Михаил Арнаудов" Фонд "Михаил Арнаудов" 15.00 Автограф: Христо Цанков 589818 МА 1921 120000589818 1 7.67 Книги
Vip Innovations Ltd, Rousse, Bulgaria 2025